Leo Shear collection, (Record no. 44845)
[ view plain ]
| 000 -LEADER | |
|---|---|
| fixed length control field | 01403cpcaa2200349 a 4500 |
| 001 - CONTROL NUMBER | |
| control field | mm2010085556 |
| 003 - CONTROL NUMBER IDENTIFIER | |
| control field | DLC |
| 005 - DATE AND TIME OF LATEST TRANSACTION | |
| control field | 20260227111732.0 |
| 008 - FIXED-LENGTH DATA ELEMENTS--GENERAL INFORMATION | |
| fixed length control field | 100611|||||||||||| eng |
| 010 ## - LIBRARY OF CONGRESS CONTROL NUMBER | |
| LC control number | mm2010085556 |
| 040 ## - CATALOGING SOURCE | |
| Original cataloging agency | DLC |
| Transcribing agency | DLC |
| Description conventions | dacs |
| Modifying agency | DLC |
| 072 #7 - SUBJECT CATEGORY CODE | |
| Subject category code | N |
| Source | lcmd |
| 100 1# - MAIN ENTRY--PERSONAL NAME | |
| Personal name | Shear, Leo. |
| 245 00 - TITLE STATEMENT | |
| Title | Leo Shear collection, |
| Inclusive dates | 1803-1903. |
| 300 ## - PHYSICAL DESCRIPTION | |
| Extent | 225 |
| Type of unit | items. |
| 300 ## - PHYSICAL DESCRIPTION | |
| Extent | 2 |
| Type of unit | containers. |
| 300 ## - PHYSICAL DESCRIPTION | |
| Extent | 0.6 |
| Type of unit | linear feet. |
| 506 0# - RESTRICTIONS ON ACCESS NOTE | |
| Terms governing access | Open to research. |
| 520 8# - SUMMARY, ETC. | |
| Summary, etc. | Collection of nineteenth-century correspondence, envelopes, and covers gathered by Leo Shear. Subjects include agriculture, business, legal, political, and religious matters as well as family affairs. Letters dated in 1849 pertain to the California Gold Rush. |
| 545 0# - BIOGRAPHICAL OR HISTORICAL DATA | |
| Biographical or historical data | Stamp collector. |
| 546 ## - LANGUAGE NOTE | |
| Language note | Collection material in English. |
| 650 #0 - SUBJECT ADDED ENTRY--TOPICAL TERM | |
| Topical term or geographic name entry element | Agriculture |
| Geographic subdivision | United States. |
| 650 #0 - SUBJECT ADDED ENTRY--TOPICAL TERM | |
| Topical term or geographic name entry element | Law |
| Geographic subdivision | United States. |
| 651 #0 - SUBJECT ADDED ENTRY--GEOGRAPHIC NAME | |
| Geographic name | California |
| General subdivision | Gold discoveries. |
| 651 #0 - SUBJECT ADDED ENTRY--GEOGRAPHIC NAME | |
| Geographic name | United States |
| General subdivision | Commerce. |
| 651 #0 - SUBJECT ADDED ENTRY--GEOGRAPHIC NAME | |
| Geographic name | United States |
| General subdivision | Politics and government |
| Chronological subdivision | 19th century. |
| 651 #0 - SUBJECT ADDED ENTRY--GEOGRAPHIC NAME | |
| Geographic name | United States |
| General subdivision | Religion |
| Chronological subdivision | 19th century. |
| 651 #0 - SUBJECT ADDED ENTRY--GEOGRAPHIC NAME | |
| Geographic name | United States |
| General subdivision | Social life and customs |
| Chronological subdivision | 19th century. |
| 656 #7 - INDEX TERM--OCCUPATION | |
| Occupation | Stamp collectors. |
| Source of term | itoamc |
No items available.